Aplikovaná fyzika /

Uloženo v:
Podrobná bibliografie
Hlavní autor: Semerák, Petr 1964- (Autor)
Médium: Kniha
Jazyk:čeština
Vydáno: Praha : České vysoké učení technické v Praze, 2009
Vydání:1. vyd.
Témata:
ISBN:9788001042359
On-line přístup: Získat plný text
Tagy: Přidat tag
Žádné tagy, Buďte první, kdo vytvoří štítek k tomuto záznamu!

MARC

LEADER 00000nam a2200000 4500
003 SK-BrCVT
005 20220621171540.0
008 090423s2009 xr e ||||||cze d
020 |a 9788001042359 
035 |a CVTIDW1491697 
040 |b slo  |a CVTI SR  |e AACR2 
041 0 |a cze 
044 |a xr 
080 |a 53-027.22  |2 UDC-MRF 
100 1 |a Semerák, Petr  |d 1964-,  |4 aut 
245 1 0 |a Aplikovaná fyzika /  |c Petr Semerák 
250 |a 1. vyd. 
260 |a Praha :  |b České vysoké učení technické v Praze,  |c 2009 
300 |a 91 s. :  |b grafy, lit., obr., tab. ; 
500 |a Fakulta stavební 
653 1 |a meranie veličín  |a modul pružnosti  |a meranie viskozity  |a meranie elektrického odporu  |a meranie vibrácií 
910 |a BA002  |b S607967 
919 |a 978-80-01-04235-9 
974 |f Knihy 
992 |a ASK 
999 |c 189003  |d 189003